| 000 | 00815nam a2200217 u 4500 | ||
|---|---|---|---|
| 001 | 66623 | ||
| 005 | 20180714074448.0 | ||
| 008 | 170121s2011 mx r 000 0 spa d | ||
| 020 | _a978-607-03-0298-5 | ||
| 082 |
_a370.1 _bFRE |
||
| 100 | 1 |
_aFreire, Paulo _eautor |
|
| 245 | 1 | 0 |
_aPedagogía de la esperanza : _bun reencuentro con la pedagogía del oprimido. |
| 250 | _aPrimera edición | ||
| 264 |
_aPortugues _bSiglo editores _c2015 |
||
| 300 |
_a273 Páginas ; _c23 cm. |
||
| 336 |
_atexto _2rdacontent |
||
| 337 |
_asin mediación _2rdamedia |
||
| 338 |
_avolumen _2rdacarrier |
||
| 650 | 0 | _aFreire, Paulo, 1921-1997. 2. Educación- Filosofía-3.Educación Popular.4. Sociología educativa. 5. Enseñanza | |
| 700 | 1 |
_aAraujo Freire, Ana María, colaborador. III. Mastragelo, Stella, _etrad. |
|
| 999 |
_c66623 _d66623 |
||